000
00385nam a22001577a 4500
003
MPLRDC
005
20220104123544.0
008
210129b ||||| |||| 00| 0 eng d
082
_a
411.3 LQJ-2
100
_a
林清机编著
245
_a
营养均衡的食疗法
_c
260
_a
_b
雷鼓出版社
_c
1992
300
_b
平
650
_a
营养与食品
942
_c
BK
_o
411.3 LQJ-2
999
_c
12352
_d
12342